|
|
|
|
| LEADER |
00000cam a2200000 7i4500 |
| 001 |
0000091279 |
| 005 |
20230416102355.0 |
| 008 |
230416 may |
| 020 |
|
|
|a 9786299692003 (
|q (paperback))
|
| 040 |
|
|
|e rda
|
| 041 |
|
|
|a Malay
|
| 090 |
0 |
0 |
|a 899.231308
|b SOF
|
| 100 |
0 |
|
|a Sofia Roses ,
|e (author)
|
| 245 |
1 |
0 |
|a Surat dari semesta
|c Sofia Roses
|
| 264 |
|
1 |
|a Shah Alam, Selangor :
|b Zharf Press Enterprise
|c 2022
|
| 300 |
|
|
|a 188 pages ;
|c 20 cm.
|
| 336 |
|
|
|a text
|2 rdacontent
|
| 337 |
|
|
|a unmediated
|2 rdamedia
|
| 338 |
|
|
|a volume
|2 rdacarrier
|
| 541 |
|
|
|c Purchased on 2022
|f 00273/22 ANT
|h RM27.00
|
| 650 |
|
0 |
|a Malay poetry
|
| 650 |
|
0 |
|a Poetry
|v Collections
|
| 700 |
0 |
|
|a Zahirah Zamree ,
|e (editor)
|
| 999 |
|
|
|a 0001720800
|b Book
|c Adult Collection
|e Cawangan AEON Kulaijaya
|
| 999 |
|
|
|a 0001720801
|b Book
|c Adult Collection
|e Cawangan Urban Transformation Centre
|
| 999 |
|
|
|a 0001720802
|b Book
|c Adult Collection
|e Perbadanan Perpustakaan Awam Johor
|
| 999 |
|
|
|a 0001720803
|b Book
|c Adult Collection
|e Perbadanan Perpustakaan Awam Johor
|
| 999 |
|
|
|a 0001720804
|b Book
|c Adult Collection
|e Cawangan Segamat
|
| 999 |
|
|
|a 0001720805
|b Book
|c Adult Collection
|e Cawangan Kota Tinggi
|
| 999 |
|
|
|a 0001720806
|b Book
|c Adult Collection
|e Cawangan Kota Tinggi
|
| 999 |
|
|
|a 0001720807
|b Book
|c Adult Collection
|e Perbadanan Perpustakaan Awam Johor
|
| 999 |
|
|
|a 0001720808
|b Book
|c Adult Collection
|e Cawangan Batu Pahat
|
| 999 |
|
|
|a 0001720809
|b Book
|c Adult Collection
|e Cawangan Tmn. Ungku Tun Aminah
|
| 999 |
|
|
|a 0001720810
|b Book
|c Adult Collection
|e Cawangan Bandar Penawar
|
| 999 |
|
|
|a 0001720811
|b Book
|c Adult Collection
|e Cawangan Taman Sri Lambak
|
| 999 |
|
|
|a 0001720812
|b Book
|c Adult Collection
|e Cawangan Pontian
|
| 999 |
|
|
|a 0001720813
|b Book
|c Adult Collection
|e Cawangan Muar
|
| 999 |
|
|
|a 0001720814
|b Book
|c Adult Collection
|e Cawangan Tangkak
|
| 999 |
|
|
|a 0001720815
|b Book
|c Adult Collection
|e Cawangan Mersing
|
| 999 |
|
|
|a 0001720816
|b Book
|c Adult Collection
|e Cawangan Bandar Tenggara
|
| 999 |
|
|
|a 0001721762
|b Book
|c Adult Collection
|e Desa - PPAJ
|
| 999 |
|
|
|a 0001721763
|b Book
|c Adult Collection
|e Desa - PPAJ
|
| 999 |
|
|
|a 0001721764
|b Book
|c Adult Collection
|e Desa - PPAJ
|
| 999 |
|
|
|a 0001721765
|b Book
|c Adult Collection
|e Desa - PPAJ
|
| 999 |
|
|
|a 0001721766
|b Book
|c Adult Collection
|e Desa - PPAJ
|
| 999 |
|
|
|a 0001721767
|b Book
|c Adult Collection
|e Desa - PPAJ
|
| 999 |
|
|
|a 0001721768
|b Book
|c Adult Collection
|e Desa - PPAJ
|
| 999 |
|
|
|a 0001721769
|b Book
|c Adult Collection
|e Desa - PPAJ
|
| 999 |
|
|
|a 0001721770
|b Book
|c Adult Collection
|e Desa - PPAJ
|
| 999 |
|
|
|a 0001721771
|b Book
|c Adult Collection
|e Desa - PPAJ
|
| 999 |
|
|
|a 0001721772
|b Book
|c Adult Collection
|e Desa - PPAJ
|
| 999 |
|
|
|a 0001721773
|b Book
|c Adult Collection
|e Desa - PPAJ
|
| 999 |
|
|
|a 0001721774
|b Book
|c Adult Collection
|e Desa - PPAJ
|
| 999 |
|
|
|a 0001721775
|b Book
|c Adult Collection
|e Desa - PPAJ
|
| 999 |
|
|
|a 0001721776
|b Book
|c Adult Collection
|e Desa - PPAJ
|
| 999 |
|
|
|a 0001721777
|b Book
|c Adult Collection
|e Desa - PPAJ
|
| 999 |
|
|
|a 0001721778
|b Book
|c Adult Collection
|e Desa - PPAJ
|
| 999 |
|
|
|a 0001721779
|b Book
|c Adult Collection
|e Desa - PPAJ
|
| 999 |
|
|
|a 0001721780
|b Book
|c Adult Collection
|e Desa - PPAJ
|
| 999 |
|
|
|a 0001721781
|b Book
|c Adult Collection
|e Desa - PPAJ
|
| 999 |
|
|
|a 0001721782
|b Book
|c Adult Collection
|e Desa - PPAJ
|
| 999 |
|
|
|a 0001721783
|b Book
|c Adult Collection
|e Desa - PPAJ
|
| 999 |
|
|
|a 0001721784
|b Book
|c Adult Collection
|e Desa - PPAJ
|
| 999 |
|
|
|a 0001721785
|b Book
|c Adult Collection
|e Desa - PPAJ
|
| 999 |
|
|
|a 0001721786
|b Book
|c Adult Collection
|e Desa - PPAJ
|
| 999 |
|
|
|a 0001721787
|b Book
|c Adult Collection
|e Desa - PPAJ
|
| 999 |
|
|
|a 0001721788
|b Book
|c Adult Collection
|e Desa - PPAJ
|
| 999 |
|
|
|a 0001721789
|b Book
|c Adult Collection
|e Desa - PPAJ
|
| 999 |
|
|
|a 0001721790
|b Book
|c Adult Collection
|e Desa - PPAJ
|
| 999 |
|
|
|a 0001721791
|b Book
|c Adult Collection
|e Desa - PPAJ
|
| 999 |
|
|
|a 0001721792
|b Book
|c Adult Collection
|e Desa - PPAJ
|
| 999 |
|
|
|a 0001721793
|b Book
|c Adult Collection
|e Desa - PPAJ
|
| 999 |
|
|
|a 0001721794
|b Book
|c Adult Collection
|e Desa - PPAJ
|
| 999 |
|
|
|a 0001721795
|b Book
|c Adult Collection
|e Desa - PPAJ
|
| 999 |
|
|
|a 0001721796
|b Book
|c Adult Collection
|e Desa - PPAJ
|
| 999 |
|
|
|a 0001721797
|b Book
|c Adult Collection
|e Desa - PPAJ
|
| 999 |
|
|
|a 0001721798
|b Book
|c Adult Collection
|e Desa - PPAJ
|
| 999 |
|
|
|a 0001721799
|b Book
|c Adult Collection
|e Desa - PPAJ
|
| 999 |
|
|
|a 0001721800
|b Book
|c Adult Collection
|e Desa - PPAJ
|
| 999 |
|
|
|a 0001721801
|b Book
|c Adult Collection
|e Desa - PPAJ
|
| 999 |
|
|
|a 0001721802
|b Book
|c Adult Collection
|e Desa - PPAJ
|